[Event "PRO League Group Stage"]
[Site "masterchessopen.com chess.com INT"]
[Date "2017.02.15"]
[Round "6"]
[White "Meskovs,N"]
[Black "Swapnil,SD"]
[Result "1-0"]
[WhiteElo "2490"]
[BlackElo "2527"]

1.Nf3 Nf6 2.c4 c5 3.g3 g6 4.Bg2 Bg7 5.d4 cxd4 6.Nxd4 Nc6 7.Nc3 O-O 8.O-O Nxd4
9.Qxd4 d6 10.Rd1 Be6 11.Bxb7 Rb8 12.Bf3 Nd5 13.Qxa7 Nxc3 14.bxc3 Bxc3 15.Bh6
Bxa1 16.Bxf8 Bf6 17.Bh6 Bxc4 18.a4 d5 19.e4 Ra8 20.Qc5 Bb3 21.Rd3 Bc4 22.Rd1
Rc8 23.Qb4 d4 24.Bg4 e6 25.a5 d3 26.Kg2 Ba6 27.Bf3 Bc3 28.Qb6 Qxb6 29.axb6 Bd4
30.b7 Bxb7 31.Rxd3 e5 32.Rb3 Ba6 33.Ra3 Bc4 34.Bg4 Rd8 35.h4 Rb8 36.h5 Re8
37.Bg5 Rb8 38.h6 Re8 39.Bd7 Rb8 40.Be7 Be6 41.Bxe6 fxe6 42.Ra6 Kf7 43.Bg5 Rb2
44.Rc6 Rb7 45.f3 Ke8 46.Rxe6+ Kf7 47.Rf6+ Ke8 48.Kh3 Rf7 49.Kg4 Kf8 50.Rd6 Rb7
51.Rd8+ Kf7 52.Rh8 Ke6 53.Rf8 Rf7 54.Re8+ Kd7 55.Rg8 Ke6 56.Rc8 Kd7 57.Ra8 Ke6
58.Ra6+ Kd7 59.Bf6 Rf8 60.f4 Rf7 61.fxe5 Kc8 62.Rc6+ Kd7 63.Rd6+ {#r} 1-0

[Event "PRO League Group Stage"]
[Site "masterchessopen.com chess.com INT"]
[Date "2017.02.15"]
[Round "6"]
[White "Carlstedt,J"]
[Black "Howell,D"]
[Result "0-1"]
[WhiteElo "2413"]
[BlackElo "2657"]

1.d4 Nf6 2.c4 c6 3.Nf3 d5 4.e3 a6 5.a4 g6 6.Nbd2 Bg7 7.Bd3 O-O 8.O-O a5 9.b3
Na6 10.Bb2 Nb4 11.Bb1 b6 12.Qe2 e6 13.e4 Ba6 14.Rd1 Rc8 15.Qe3 Re8 16.h3 c5
17.dxc5 bxc5 18.e5 Nd7 19.h4 h6 20.Qf4 Nc6 21.cxd5 exd5 22.h5 Ndxe5 23.Nxe5
Nxe5 24.hxg6 fxg6 25.Ne4 Bb7 26.Qg3 Qb6 27.Nc3 Rcd8 28.Nb5 g5 29.Ra2 Qf6
30.Bc1 d4 31.f4 gxf4 32.Bxf4 Rf8 33.Rf2 Nf3+ 34.gxf3 Qxf4 35.Qg6 Qg5+ 36.Qxg5
hxg5 37.Be4 Bxe4 38.fxe4 Rfe8 39.Re2 Kf7 40.Rd3 Kg6 41.Na3 Be5 42.Nc4 Bf4
43.Kg2 Rh8 44.Kg1 g4 45.Rg2 Kg5 46.Nxa5 Be3+ 47.Kf1 Rh1+ 48.Ke2 Ra1 49.Nc4
Ra2+ 50.Nd2 Rh8 51.Kd1 Rh1+ 52.Ke2 Kf4 53.a5 Rxa5 54.e5 Ra2 55.e6 Rh6 56.Kd1
Rxe6 57.Re2 Rh6 58.b4 {#R} 0-1

[Event "PRO League Group Stage"]
[Site "masterchessopen.com chess.com INT"]
[Date "2017.02.15"]
[Round "6"]
[White "Liu,E"]
[Black "Chirila,I"]
[Result "1-0"]
[WhiteElo "2284"]
[BlackElo "2533"]

1.e4 e5 2.Nf3 Nc6 3.Nc3 Nf6 4.d4 exd4 5.Nxd4 Bb4 6.Nxc6 bxc6 7.Bd3 d5 8.exd5
cxd5 9.O-O O-O 10.Bg5 c6 11.Na4 Rb8 12.c3 Be7 13.Bc2 Be6 14.Re1 Re8 15.Qd3 g6
16.Qd4 Nd7 17.Bxe7 Rxe7 18.Qxa7 c5 19.Nxc5 Nxc5 20.Qxc5 Rxb2 21.Bb3 Qc7 22.Qd4
Qa7 23.Qf6 Rd7 24.c4 d4 25.c5 {#r} 1-0

[Event "PRO League Group Stage"]
[Site "masterchessopen.com chess.com INT"]
[Date "2017.02.15"]
[Round "6"]
[White "Kollars,Dmitrij"]
[Black "Roberson,P"]
[Result "1-0"]
[WhiteElo "2500"]
[BlackElo "2401"]

1.e4 e6 2.d4 d5 3.Nc3 Nf6 4.e5 Nfd7 5.f4 c5 6.Nf3 Nc6 7.Be3 a6 8.Qd2 b5 9.dxc5
Bxc5 10.Bd3 Qb6 11.Bf2 Bb7 12.a3 O-O 13.O-O Bxf2+ 14.Rxf2 Nc5 15.f5 Nxd3
16.Qxd3 exf5 17.Nxd5 Qd8 18.Rd1 Na5 19.Ne3 g6 20.Qc3 Qb6 21.Rd6 Qa7 22.Nxf5
gxf5 23.Qxa5 Bxf3 24.gxf3 Kh8 25.Qc3 Rg8+ 26.Kf1 Rg7 27.Qd4 Qe7 28.Qf4 Rg5
29.h4 Rg6 30.h5 Rg5 31.h6 Rag8 32.Qd4 Rg1+ 33.Ke2 R1g6 34.Kd3 Qg5 35.e6+ f6
36.e7 Re8 37.Rd8 Rgg8 38.Rxe8 Rxe8 39.Qd7 Qg6 40.Re2 Kg8 41.Rg2 {#r} 1-0

[Event "PRO League Group Stage"]
[Site "masterchessopen.com chess.com INT"]
[Date "2017.02.15"]
[Round "6"]
[White "Biag,Ivan Gil"]
[Black "Jacobson,Brandon"]
[Result "1-0"]
[WhiteElo "2337"]
[BlackElo "2225"]

1.d4 d5 2.c4 c6 3.Nf3 Nf6 4.e3 Bf5 5.Nc3 e6 6.Nh4 Be4 7.f3 Bg6 8.g3 Be7 9.Bd2
Nbd7 10.Nxg6 hxg6 11.Kf2 O-O 12.cxd5 exd5 13.Bd3 Re8 14.Ne2 Nf8 15.Rc1 Ne6
16.h4 c5 17.Bc3 cxd4 18.Nxd4 Bc5 19.Qb3 Nxd4 20.Bxd4 Bxd4 21.exd4 Qd6 22.Rhg1
Nd7 23.Bb5 Rad8 24.Rge1 Rxe1 25.Rxe1 Nf8 26.Bd3 Qf6 27.Re5 Qc6 28.Qb5 Ne6
29.Qxc6 bxc6 30.Bxg6 Nxd4 31.Bd3 Ne6 32.f4 Kf8 33.Re1 c5 34.b3 a5 35.f5 Nd4
36.Rc1 Rc8 37.Ke3 Ke7 38.g4 Kd6 39.Kf4 Re8 40.g5 Ne2+ 41.Bxe2 Rxe2 42.Rh1 Rxa2
43.h5 Rf2+ 44.Kg4 Re2 45.h6 gxh6 46.gxh6 Re8 47.h7 Rh8 48.Kg5 Ke7 49.f6+ Kf8
50.Kh6 {#r} 1-0

[Event "PRO League Group Stage"]
[Site "masterchessopen.com chess.com INT"]
[Date "2017.02.15"]
[Round "6"]
[White "Xu,Grant Y"]
[Black "Raptis,N"]
[Result "0-1"]
[WhiteElo "2193"]
[BlackElo "2262"]

1.Nf3 Nf6 2.g3 g6 3.Bg2 Bg7 4.O-O O-O 5.d4 d6 6.c4 Nbd7 7.Nc3 e5 8.dxe5 dxe5
9.Qc2 c6 10.Rd1 Qe7 11.Nd2 Nc5 12.b3 Ne6 13.e3 Ng5 14.a4 Re8 15.Ba3 Qe6
16.Nde4 Nh3+ 17.Kf1 Ng4 18.Ke2 Nh6 19.Rd6 Qf5 20.f3 Ng5 21.Rad1 Nxe4 22.Nxe4
Be6 23.R6d3 Qh5 24.h4 Bf5 25.R3d2 Bxe4 26.Qxe4 f5 27.Qc2 f4 28.Rd7 Nf5 29.R1d3
e4 30.Rxg7+ Nxg7 31.Rc3 fxg3 32.c5 Nf5 33.Kf1 exf3 34.Bh3 Qxh4 {#R} 0-1

[Event "PRO League Group Stage"]
[Site "masterchessopen.com chess.com INT"]
[Date "2017.02.15"]
[Round "6"]
[White "Sheng,Joshua"]
[Black "So,W"]
[Result "0-1"]
[WhiteElo "2372"]
[BlackElo "2808"]

1.e4 e5 2.Nf3 Nc6 3.Nc3 Nf6 4.Bb5 Nd4 5.O-O Nxb5 6.Nxb5 c6 7.Nc3 d6 8.d4 Qc7
9.h3 Be7 10.Bg5 O-O 11.a4 a5 12.Qd3 Re8 13.Rfd1 h6 14.Bxf6 Bxf6 15.d5 Be7
16.Nd2 Bd7 17.Nc4 Red8 18.Ne3 Bf8 19.Rd2 Rac8 20.Rad1 g6 21.Kh1 h5 22.b3 Be8
23.Qe2 Qb6 24.Rd3 Qc5 25.dxc6 bxc6 26.Nc4 f6 27.Qe3 Qxe3 28.fxe3 Kf7 29.Nxa5
Rb8 30.Nc4 Ke6 31.g4 Rb7 32.Kg2 g5 33.a5 Bg6 34.R3d2 Be7 35.Kf3 Rbd7 36.Nb6
Ra7 37.b4 Rb8 38.Na2 Rh8 39.Kg3 Bxe4 40.c4 hxg4 41.hxg4 f5 42.gxf5+ Bxf5
43.Rh2 Rxh2 44.Kxh2 Bf6 45.Nc3 Rh7+ 46.Kg2 e4 47.Ne2 Bg4 48.Nd4+ Bxd4 49.Rxd4
Bf3+ 50.Kg3 g4 51.a6 Ke5 52.b5 Rh3+ 53.Kf2 g3+ 54.Ke1 g2 55.a7 g1=Q+ 56.Kd2
Rh2+ {#R} 0-1

[Event "PRO League Group Stage"]
[Site "masterchessopen.com chess.com INT"]
[Date "2017.02.15"]
[Round "6"]
[White "Ruiz C,J"]
[Black "Feng,Roland"]
[Result "0-1"]
[WhiteElo "2331"]
[BlackElo "2338"]

1.e4 e6 2.d4 d5 3.Nc3 Nf6 4.e5 Nfd7 5.f4 c5 6.Nf3 Nc6 7.Be3 a6 8.Qd2 cxd4
9.Nxd4 Nxd4 10.Bxd4 Bc5 11.Bxc5 Nxc5 12.Qd4 Qc7 13.Bd3 O-O 14.O-O-O b5 15.Ne2
a5 16.Bxb5 Ba6 17.Bxa6 Rxa6 18.Rhf1 Rc8 19.Rd2 Ne4 20.c3 Nxd2 21.Qxd2 a4 22.a3
Qc4 23.Kb1 Rb6 24.Rc1 Qe4+ 25.Ka2 Rcb8 26.Rc2 Qxg2 27.h4 Qh2 28.h5 Qxh5 29.Nd4
Qh3 30.Qd1 Qg3 31.Qf1 Kh8 32.Rg2 Qh3 33.Qg1 Qd3 34.Qe1 Qe4 35.Qg3 g6 36.Qg5
Kg8 37.Rh2 h5 38.Rd2 Qe1 39.Rc2 Rb3 40.Qe7 R3b6 41.Qf6 h4 42.Nf3 Qe4 43.Ng5
Qf5 44.Nf3 Qxc2 {#R} 0-1

[Event "PRO League Group Stage"]
[Site "masterchessopen.com chess.com INT"]
[Date "2017.02.15"]
[Round "6"]
[White "Ruiz C,J"]
[Black "Petrosian,TL"]
[Result "0-1"]
[WhiteElo "2331"]
[BlackElo "2592"]

1.e4 d6 2.d4 g6 3.Nc3 Bg7 4.Be3 a6 5.a4 Nf6 6.h3 O-O 7.g4 Nc6 8.Nge2 e5 9.d5
Ne7 10.Ng3 c6 11.a5 cxd5 12.exd5 Nd7 13.Qd2 b5 14.axb6 Nxb6 15.b3 Bb7 16.Bg2
Qc7 17.O-O Rfc8 18.Nge2 f5 19.gxf5 gxf5 20.Bh6 f4 21.Bxg7 Kxg7 22.Be4 Ng6
23.Kh2 Nd7 24.Rg1 Nf6 25.Bf5 Rg8 26.Qd3 Kh6 27.Be6 Qc5 28.Raf1 Rgf8 29.Na4 Qc7
30.c4 Bc8 31.Nac3 Qe7 32.Qf5 Nh5 33.Qg4 Ng7 34.Bxc8 Raxc8 35.Ne4 Rf5 36.f3 Rb8
37.Rb1 a5 38.N2c3 Rh5 39.Nb5 Nf5 40.Ra1 Ne3 41.Qe6 Qxe6 42.dxe6 d5 43.Nf6 dxc4
44.Nxh5 Rxb5 45.bxc4 Rb2+ 46.Kh1 Kxh5 47.Rxa5 Nf5 48.Re1 Kh4 49.e7 Ng3+ 50.Kg1
Kxh3 {#R} 0-1

[Event "PRO League Group Stage"]
[Site "masterchessopen.com chess.com INT"]
[Date "2017.02.15"]
[Round "6"]
[White "Breckenridge,S"]
[Black "Song,Edward"]
[Result "0-1"]
[WhiteElo "2239"]
[BlackElo "2299"]

1.e4 e6 2.d4 d5 3.Nd2 Be7 4.Bd3 c5 5.dxc5 Nf6 6.exd5 Qxd5 7.Ngf3 Qxc5 8.O-O
O-O 9.Qe2 Nbd7 10.Re1 Qc7 11.Ne4 b6 12.Nxf6+ Nxf6 13.Ne5 Bb7 14.Bf4 Bd6
15.Rad1 Rfd8 16.Bg3 Rac8 17.c3 Qe7 18.Bh4 Qf8 19.Qe3 Be7 20.Qh3 g6 21.Bg5 Nh5
22.Bc1 Bf6 23.g4 Ng7 24.Bf4 Ne8 25.Qg3 Qc5 26.Bf1 Rxd1 27.Rxd1 g5 28.Bd3 gxf4
29.Bxh7+ Kg7 30.Qh3 Qxe5 31.Bc2 Be4 32.Re1 Bxc2 33.Rxe5 Bxe5 34.Qh5 Rc5 35.b4
Bg6 36.Qg5 f6 37.Qh4 Rxc3 38.g5 Rc1+ 39.Kg2 Be4+ 40.f3 Rc2+ 41.Kf1 Bd3+ 42.Ke1
Bc3+ 43.Kd1 Rd2+ 44.Kc1 Rxa2 45.Qh6+ Kg8 46.gxf6 Ra1# 0-1

[Event "PRO League Group Stage"]
[Site "masterchessopen.com chess.com INT"]
[Date "2017.02.15"]
[Round "6"]
[White "Breckenridge,S"]
[Black "Xu,Grant Y"]
[Result "1-0"]
[WhiteElo "2239"]
[BlackElo "2193"]

1.e4 d6 2.d4 Nf6 3.Nc3 e5 4.Nf3 Nbd7 5.Bc4 Be7 6.a4 O-O 7.O-O a6 8.Bg5 h6
9.Bh4 Re8 10.Re1 b6 11.Bg3 exd4 12.Qxd4 Bb7 13.Rad1 Nh5 14.Ba2 Nxg3 15.hxg3
Bf6 16.Qc4 Rf8 17.Nd5 Bxd5 18.Rxd5 b5 19.Qc6 Nb6 20.Rd2 Bxb2 21.e5 Nxa4 22.e6
fxe6 23.Rxe6 Kh8 24.Nh4 Rf6 25.Ng6+ Rxg6 26.Rxg6 Qe8 27.Qf3 Nc3 28.Bf7 Qe1+
29.Kh2 Qe4 30.Qh5 Rf8 31.Rd4 Qxc2 32.Bb3 Qf5 33.Qxf5 Rxf5 34.Re6 Rh5+ 35.Rh4
Re5 36.Rf4 Rh5+ 37.Kg1 Re5 38.Rf8+ Kh7 39.Bc2+ g6 40.Rxg6 Ne2+ 41.Kf1 Nd4
42.Bd3 h5 43.Rgf6+ Kg7 44.R6f7+ Kh6 45.Rh8+ Kg5 46.Rg8+ Kh6 47.Rg6# 1-0

[Event "PRO League Group Stage"]
[Site "masterchessopen.com chess.com INT"]
[Date "2017.02.15"]
[Round "6"]
[White "Troff,Kayden W"]
[Black "Naroditsky,D"]
[Result "0-1"]
[WhiteElo "2511"]
[BlackElo "2646"]

1.d4 Nf6 2.c4 g6 3.Nc3 Bg7 4.e4 d6 5.Nf3 O-O 6.Be2 c5 7.h3 Nbd7 8.d5 b5 9.cxb5
a6 10.a4 axb5 11.Bxb5 Ba6 12.Bxa6 Rxa6 13.O-O Qa8 14.Ra3 Rb8 15.Qc2 Rb4 16.b3
c4 17.Be3 Nb6 18.Bxb6 Raxb6 19.bxc4 Rxc4 20.Qd3 Rbb4 21.Rb1 Nd7 22.Rxb4 Rxb4
23.a5 Nc5 24.Qc2 Qa6 25.Nd2 Bd4 26.Nd1 Qe2 27.Ra2 Nd3 28.Nf3 Qxc2 29.Rxc2 Bc5
30.Rc3 Nf4 31.Kh2 Rxe4 32.Rb3 Ra4 33.Rb5 Nxd5 34.Nb2 Rb4 35.Rxb4 Bxb4 36.a6
Nc7 37.Nd4 Bc3 38.Nc6 Bxb2 39.a7 Kf8 40.Kg3 Ke8 41.Kg4 Kd7 42.Nb4 Bd4 {#R} 0-1

[Event "PRO League Group Stage"]
[Site "masterchessopen.com chess.com INT"]
[Date "2017.02.15"]
[Round "6"]
[White "Troff,Kayden W"]
[Black "Ke,Ivan"]
[Result "1-0"]
[WhiteElo "2511"]
[BlackElo "2058"]

1.d4 d5 2.c4 e6 3.Nf3 Nf6 4.Nc3 Be7 5.Bg5 O-O 6.e3 h6 7.Bxf6 Bxf6 8.Qc2 b6
9.cxd5 exd5 10.Be2 Bb7 11.O-O Nd7 12.Rfd1 Rc8 13.Nb5 a6 14.Na7 Ra8 15.Nc6 Qe8
16.Rac1 Qe6 17.Bd3 g6 18.h4 h5 19.e4 dxe4 20.Bxe4 Kg7 21.Re1 Qd6 22.Nfe5 Rae8
23.Bf3 Ba8 24.Qc3 Re6 25.g3 Bxc6 26.Nxc6 Rfe8 27.Rxe6 Rxe6 28.Rd1 Re8 29.Qc2
Nf8 30.b4 Ne6 31.d5 Nf8 32.a3 Nd7 33.Kg2 Ne5 34.Nxe5 Rxe5 35.Rc1 Re7 36.Qd3
Qe5 37.Qxa6 Qb2 38.Rf1 Bd4 39.Qd3 Re5 40.Be4 f5 41.Bf3 Re3 42.Qc4 Rxa3
43.Qxc7+ Kh6 44.Qd8 Qc3 45.Qg5+ Kh7 46.Qe7+ Kh6 47.Be2 Ra2 48.d6 Qxb4 49.Qf8+
Bg7 50.Qe7 Rd2 51.Rd1 Rxd1 52.Bxd1 Qd4 53.Bf3 Bf6 54.Qf8+ Kh7 55.Qf7+ Kh6
56.Qf8+ Kh7 57.d7 b5 58.Qf7+ Kh6 59.Bd5 b4 60.Qf8+ Bg7 61.d8=Q Bxf8 62.Qxf8+
Qg7 63.Qxg7+ Kxg7 64.f4 Kf6 65.Bb3 Ke7 66.Kf3 Kd6 67.Ke3 Kc5 68.Kd3 {#r} 1-0

[Event "PRO League Group Stage"]
[Site "masterchessopen.com chess.com INT"]
[Date "2017.02.15"]
[Round "6"]
[White "Kiewra,K"]
[Black "Rosenthal,Nicholas"]
[Result "1-0"]
[WhiteElo "2429"]
[BlackElo "2156"]

1.d4 e6 2.c4 f5 3.g3 Nf6 4.Bg2 Be7 5.Nf3 O-O 6.O-O d6 7.b3 Ne4 8.Bb2 b6 9.Nbd2
Bb7 10.Ne1 Bg5 11.e3 Nd7 12.Nd3 Qe7 13.Nf4 Nxd2 14.Bxb7 Nxf1 15.Nxe6 Nxe3
16.fxe3 Bxe3+ 17.Kg2 Nf6 18.Nxf8 Rxf8 19.Qf3 Bh6 20.Bc3 Ng4 21.Re1 Ne3+ 22.Kg1
f4 23.g4 Qh4 24.h3 Bg5 25.Rxe3 h5 26.Bd5+ Kh7 27.Be1 fxe3 28.Qe4+ g6 29.Bxh4
Bxh4 30.Qxe3 hxg4 31.hxg4 Bf6 32.Kg2 Kg7 33.Bc6 Rf7 34.Bd5 Re7 35.Be6 c6 36.g5
Bxg5 37.Qxg5 Rxe6 38.Qd8 Re2+ 39.Kf3 Rxa2 40.Qxd6 c5 41.dxc5 bxc5 42.Qxc5 a5
43.Qe7+ Kh6 44.c5 Rb2 45.Qh4+ Kg7 46.Qd4+ {#r} 1-0

[Event "PRO League Group Stage"]
[Site "masterchessopen.com chess.com INT"]
[Date "2017.02.15"]
[Round "6"]
[White "Arkell,K"]
[Black "Carlstedt,J"]
[Result "0-1"]
[WhiteElo "2438"]
[BlackElo "2413"]

1.d4 Nf6 2.Nf3 e6 3.c4 c5 4.d5 exd5 5.cxd5 d6 6.Nc3 g6 7.g3 Bg7 8.Bg2 O-O
9.O-O Re8 10.Nd2 a6 11.a4 Nbd7 12.Nc4 Ne5 13.Nxe5 Rxe5 14.Bf4 Re8 15.Qc2 Rb8
16.Rab1 b5 17.axb5 axb5 18.b4 c4 19.Ra1 Nh5 20.Be3 Rxe3 21.fxe3 Qb6 22.Qd2 Nf6
23.Ra5 Bd7 24.Qd4 Qd8 25.Qf4 Qe7 26.Ne4 Nxe4 27.Qxe4 Qxe4 28.Bxe4 Re8 29.Ra7
Bh3 30.Bg2 Bh6 31.Ra3 Bf5 32.e4 Bxe4 33.Bxe4 Rxe4 34.Ra5 c3 35.Rxb5 c2 36.Rb8+
Kg7 37.Rc8 Rxe2 38.Rc7 Rd2 39.Rcxf7+ Kg8 40.Re7 Bg5 41.Re8+ Kg7 42.h4 Rd1
43.Rc8 Rxf1+ 44.Kxf1 c1=Q+ 45.Rxc1 Bxc1 46.Ke2 Ba3 47.b5 Bc5 48.Kf3 Kf6 49.Kf4
h6 50.Ke4 g5 51.h5 Bb6 {#R} 0-1

[Event "PRO League Group Stage"]
[Site "masterchessopen.com chess.com INT"]
[Date "2017.02.15"]
[Round "6"]
[White "Van Kampen,R"]
[Black "Pozo Vera,S"]
[Result "1-0"]
[WhiteElo "2640"]
[BlackElo "2428"]

1.e4 e6 2.d4 d5 3.Nd2 dxe4 4.Nxe4 Bd7 5.Nf3 Bc6 6.Bd3 Nd7 7.O-O Ngf6 8.Ned2
Be7 9.Nc4 O-O 10.Qe2 Bd5 11.Nce5 c5 12.c4 Bxf3 13.Nxf3 cxd4 14.Nxd4 a6 15.Bc2
Qc7 16.b3 Bd6 17.g3 Rfe8 18.Bb2 Rad8 19.Rad1 Bf8 20.Nf3 b5 21.cxb5 axb5 22.Rc1
Qb7 23.Nd4 b4 24.Bb1 Rc8 25.Rfd1 Bc5 26.Qb5 Qxb5 27.Nxb5 Be7 28.Rxc8 Rxc8
29.Nd6 Bxd6 30.Rxd6 Kf8 31.Bd3 Ke7 32.Ra6 Nc5 33.Ra7+ Nfd7 34.Bb5 f6 35.a3 Rb8
36.axb4 Rxb5 37.bxc5 Rxb3 38.c6 Rxb2 39.Rxd7+ Ke8 40.Rxg7 {#r} 1-0

[Event "PRO League Group Stage"]
[Site "masterchessopen.com chess.com INT"]
[Date "2017.02.15"]
[Round "6"]
[White "Kantans,T"]
[Black "Sadhwani,Raunak"]
[Result "1-0"]
[WhiteElo "2456"]
[BlackElo "2218"]

1.e4 c6 2.d4 d5 3.e5 Bf5 4.Nf3 e6 5.Be2 c5 6.Be3 Nc6 7.dxc5 Qa5+ 8.c3 Qc7
9.O-O Nxe5 10.Nxe5 Qxe5 11.Qa4+ Kd8 12.Na3 Ne7 13.Rad1 Kc8 14.Bf4 Qxf4 15.Qxf4
Nc6 16.Nb5 Bxc5 17.Qc7# 1-0

[Event "PRO League Group Stage"]
[Site "masterchessopen.com chess.com INT"]
[Date "2017.02.15"]
[Round "6"]
[White "Beerdsen,Thomas"]
[Black "Lapite,Oluwadurotimi"]
[Result "1-0"]
[WhiteElo "2413"]
[BlackElo "2067"]

1.e4 c6 2.d4 d5 3.f3 dxe4 4.fxe4 e5 5.Nf3 Bg4 6.Bc4 Nd7 7.O-O Ngf6 8.c3 Bh5
9.Qb3 b5 10.Be2 Bxf3 11.Bxf3 Bd6 12.a4 a6 13.Be3 O-O 14.Nd2 Qc7 15.h3 Nb6
16.axb5 axb5 17.Kh1 Rxa1 18.Rxa1 exd4 19.cxd4 Bf4 20.Rc1 Bxe3 21.Qxe3 Re8
22.Qc3 Na4 23.Qxc6 Qxc6 24.Rxc6 Nxb2 25.Rb6 Nc4 26.Nxc4 bxc4 27.e5 Nd7 28.Rb7
Rd8 29.Bd5 Kf8 30.Bxc4 g5 31.Kh2 h5 32.Bb5 Nb8 33.h4 gxh4 34.Kh3 Kg7 35.e6 Kg6
36.e7 {#r} 1-0

[Event "PRO League Group Stage"]
[Site "masterchessopen.com chess.com INT"]
[Date "2017.02.15"]
[Round "6"]
[White "Beerdsen,Thomas"]
[Black "Balogun,Oluwafemi"]
[Result "1-0"]
[WhiteElo "2413"]
[BlackElo "2222"]

1.e4 d6 2.d4 Nf6 3.Nc3 g6 4.h4 a6 5.a4 Bg7 6.h5 Nxh5 7.g4 Nf6 8.g5 Nfd7 9.f4
c5 10.d5 Qa5 11.Bd2 Qb4 12.Bd3 c4 13.Be2 Qc5 14.Nf3 e6 15.f5 exf5 16.exf5 gxf5
17.Kf1 Ne5 18.Kg2 Nbd7 19.Qe1 Ng4 20.Nh4 Nde5 21.Qg3 Bd7 22.b4 Qd4 23.Rad1 b5
24.Rhf1 O-O 25.Nxf5 Bxf5 26.Rxf5 f6 27.Rf4 Qb6 28.Bxg4 Nxg4 29.Qxg4 fxg5 30.a5
Qa7 31.Rxf8+ Rxf8 32.Rf1 Rxf1 33.Kxf1 Qf7+ 34.Kg2 Bxc3 35.Qc8+ {#r} 1-0

[Event "PRO League Group Stage"]
[Site "masterchessopen.com chess.com INT"]
[Date "2017.02.15"]
[Round "6"]
[White "Ke,Ivan"]
[Black "Liu,E"]
[Result "0-1"]
[WhiteElo "2058"]
[BlackElo "2284"]

1.d4 g6 2.c4 Bg7 3.Nf3 Nf6 4.g3 O-O 5.Bg2 d5 6.cxd5 Nxd5 7.O-O Nb6 8.h3 Nc6
9.e3 a5 10.Nc3 a4 11.Qc2 Be6 12.Rd1 Qc8 13.Kh2 Rd8 14.Bd2 Nc4 15.Nxa4 Rxa4
16.Qxa4 Nxb2 17.Qc2 Nxd1 18.Rxd1 Qa8 19.a4 h6 20.Bc3 Qa6 21.Nd2 Qe2 22.Kg1 Bd5
23.Bf1 Qh5 24.e4 Be6 25.Nb1 Bxd4 26.Be2 Qxh3 27.Bxd4 Nxd4 28.Qb2 Nxe2+ 29.Qxe2
Rxd1+ 30.Qxd1 Qg4 31.Qd8+ Kh7 32.Qd3 h5 33.Nc3 h4 34.Nd1 hxg3 35.fxg3 c5
36.Nf2 c4 37.Qe3 Qh5 38.Kg2 Qe5 39.Qc1 c3 40.Qc2 Qd4 41.Kf3 f5 42.exf5 Bxf5
43.Qb3 Kg7 44.Qxb7 Qc5 45.Qa6 c2 {#R} 0-1

[Event "PRO League Group Stage"]
[Site "masterchessopen.com chess.com INT"]
[Date "2017.02.15"]
[Round "6"]
[White "Ke,Ivan"]
[Black "Gareev,T"]
[Result "0-1"]
[WhiteElo "2058"]
[BlackElo "2617"]

1.d4 Nf6 2.c4 e6 3.Nc3 Bb4 4.f3 Nc6 5.a3 Bxc3+ 6.bxc3 e5 7.d5 Na5 8.e4 b6
9.Bd3 Ba6 10.Qe2 Nb3 11.Rb1 Nxc1 12.Rxc1 Qe7 13.Ra1 c6 14.Nh3 Qc5 15.Kd2 Rc8
16.Rhc1 O-O 17.Ke1 Ne8 18.f4 f6 19.fxe5 fxe5 20.Rab1 Nd6 21.Rb4 cxd5 22.cxd5
Bxd3 23.Qxd3 a5 24.Rb3 b5 25.Ke2 Nc4 26.Ra1 Rf6 27.a4 Rb6 28.axb5 Rxb5 29.Rxb5
Qxb5 30.Rb1 Qa4 31.Kf1 Qa3 32.Kg1 Qc5+ 33.Kh1 a4 34.Ng5 h6 35.Nf3 a3 36.Qc2
Ne3 37.Qb3 Qxc3 38.Qa2 Qc2 39.Qa1 {#R} 0-1

[Event "PRO League Group Stage"]
[Site "masterchessopen.com chess.com INT"]
[Date "2017.02.15"]
[Round "6"]
[White "Hambleton,A"]
[Black "Pozo Vera,S"]
[Result "0-1"]
[WhiteElo "2441"]
[BlackElo "2428"]

1.d4 d5 2.c4 c6 3.Nf3 Nf6 4.e3 g6 5.Nc3 Bg7 6.Be2 O-O 7.O-O e6 8.b3 Nbd7 9.Ba3
Re8 10.Qc2 b6 11.Rfd1 Bb7 12.Rac1 Qb8 13.h3 a6 14.cxd5 exd5 15.Bd3 c5 16.dxc5
bxc5 17.Bf1 d4 18.exd4 Bxf3 19.gxf3 cxd4 20.Rxd4 Qe5 21.Rcd1 Rac8 22.Qd2 Qh5
23.f4 Nc5 24.Bxc5 Qxc5 25.Rc4 Qh5 26.Rxc8 Rxc8 27.Nd5 Ne4 28.Ne7+ Kh8 29.Qd7
Rf8 30.Qg4 Qc5 31.Nd5 Qxf2+ 32.Kh1 Ng3+ {#R} 0-1

[Event "PRO League Group Stage"]
[Site "masterchessopen.com chess.com INT"]
[Date "2017.02.15"]
[Round "6"]
[White "Delaney,K"]
[Black "Spoelman,W"]
[Result "1-0"]
[WhiteElo "2230"]
[BlackElo "2584"]

1.e4 c5 2.c3 Nf6 3.e5 Nd5 4.Bc4 Nb6 5.Bb3 c4 6.Bc2 Nc6 7.Nf3 Qc7 8.O-O Nxe5
9.Nxe5 Qxe5 10.Re1 Qc7 11.a4 d6 12.Na3 Bd7 13.a5 Nd5 14.d3 cxd3 15.Qxd3 Nf6
16.Nb5 Qc5 17.Nxd6+ Qxd6 18.Qxd6 e6 19.Qc7 Be7 20.Ba4 Bxa4 21.Rxa4 Nd5 22.Qxb7
O-O 23.c4 Rfb8 24.Qxa8 Rxa8 25.cxd5 Rc8 26.dxe6 fxe6 27.Be3 a6 28.Rc1 Rd8
29.Rd4 Rb8 30.Rd7 Bf6 31.b4 h6 32.Bb6 Bg5 33.Rcd1 Rf8 34.g3 Rf3 35.b5 axb5
36.a6 Ra3 37.a7 Kh7 38.Rd8 Bxd8 39.Rxd8 Ra1+ 40.Kg2 b4 41.a8=Q Rxa8 42.Rxa8 b3
43.Bd4 e5 44.Bxe5 {#r} 1-0

[Event "PRO League Group Stage"]
[Site "masterchessopen.com chess.com INT"]
[Date "2017.02.15"]
[Round "6"]
[White "Skoberne,J"]
[Black "Colovic,A"]
[Result "0-1"]
[WhiteElo "2542"]
[BlackElo "2443"]

1.d4 Nf6 2.Nf3 b6 3.Bf4 Bb7 4.e3 g6 5.c4 Bg7 6.Nc3 O-O 7.h3 d5 8.Rc1 dxc4
9.Bxc4 c5 10.O-O cxd4 11.Nxd4 a6 12.Be2 Nbd7 13.Bf3 Bxf3 14.Qxf3 e5 15.Nc6 Qe8
16.Bg5 Qe6 17.Bxf6 Nxf6 18.Nb4 e4 19.Qe2 a5 20.Nc2 Nd5 21.Nxd5 Qxd5 22.b3 Rfd8
23.Rfd1 Qe6 24.Na3 Rxd1+ 25.Rxd1 a4 26.bxa4 Rxa4 27.Rd8+ Bf8 28.Qb5 Ra5 29.Qb4
Rc5 30.Qd2 h5 31.g3 Qxh3 32.Nc2 Rc8 33.Nb4 h4 34.Rxc8 Qxc8 35.gxh4 Qg4+ 36.Kf1
Qxh4 37.Nd5 Bc5 38.Qb2 Qh1+ 39.Ke2 Qh5+ 40.Kf1 Qxd5 {#R} 0-1

[Event "PRO League Group Stage"]
[Site "masterchessopen.com chess.com INT"]
[Date "2017.02.15"]
[Round "6"]
[White "Ashwin,J"]
[Black "Johnson,Frank B"]
[Result "1-0"]
[WhiteElo "2490"]
[BlackElo "2191"]

1.Nf3 Nf6 2.g3 g6 3.c4 Bg7 4.Bg2 O-O 5.Nc3 d5 6.cxd5 Nxd5 7.h4 Nc6 8.h5 Nxc3
9.bxc3 e5 10.hxg6 hxg6 11.Qa4 Re8 12.Rb1 e4 13.Nd4 Nxd4 14.cxd4 Bxd4 15.Bb2
Bxb2 16.Rxb2 Bd7 17.Qd4 f6 18.Bxe4 Bc6 19.Qc4+ Kg7 20.Bxg6 Re7 21.Rh4 Bf3
22.Bd3 c6 23.Rh7+ Kf8 24.Rh8+ {#r} 1-0

[Event "PRO League Group Stage"]
[Site "masterchessopen.com chess.com INT"]
[Date "2017.02.15"]
[Round "6"]
[White "Raptis,N"]
[Black "Hua,D"]
[Result "1-0"]
[WhiteElo "2262"]
[BlackElo "2285"]

1.d4 Nf6 2.Nc3 d5 3.Bg5 e6 4.e4 dxe4 5.Nxe4 Be7 6.Bxf6 gxf6 7.Qd3 f5 8.Nc3 a6
9.O-O-O b5 10.Nf3 Bb7 11.Qe3 b4 12.Na4 Qd5 13.Kb1 Bc6 14.Qb3 Qxb3 15.axb3 Nd7
16.Bc4 Nf6 17.Ne1 Rg8 18.f3 Nd5 19.Bxd5 Bxd5 20.Nc5 f4 21.Rf1 a5 22.Rf2 Bf6
23.c4 bxc3 24.bxc3 Ke7 25.Ned3 Rgb8 26.Kc2 Bg5 27.Ra1 a4 28.bxa4 Kd6 29.Kc1 f6
30.Rb2 Rxb2 31.Kxb2 Bh6 32.Ne4+ Ke7 33.a5 Bc4 34.Nb4 f5 35.Nd2 Bb5 36.a6 Bg7
37.Nb3 Kd6 38.Kc2 Bf6 39.a7 Bc4 40.Nd2 Bb5 41.Nd3 Bxd3+ 42.Kxd3 Kc6 43.Ra6+
Kd7 44.Nc4 Bg7 45.Kc2 Bf6 46.Nb2 Bg7 47.Nd3 {#r} 1-0

[Event "PRO League Group Stage"]
[Site "masterchessopen.com chess.com INT"]
[Date "2017.02.15"]
[Round "6"]
[White "Raptis,N"]
[Black "Shabalov,A"]
[Result "1-0"]
[WhiteElo "2262"]
[BlackElo "2563"]

1.Nf3 c5 2.g3 Nc6 3.Bg2 e5 4.O-O Nf6 5.c4 g6 6.Nc3 Bg7 7.d3 h6 8.Ne1 Nd4 9.Nc2
Nxc2 10.Qxc2 O-O 11.a3 a5 12.Rb1 Qe7 13.Bd2 Rb8 14.b4 axb4 15.axb4 d6 16.bxc5
dxc5 17.Rb6 Rd8 18.Rfb1 Rd6 19.Nd5 Nxd5 20.Bxd5 h5 21.Bg5 Qc7 22.Qb3 Bf8
23.Rxd6 Bxd6 24.Qb6 Ra8 25.Bxb7 Rb8 26.Bd8 Qd7 27.Bxc8 Qxc8 28.Qxd6 Rxb1+
29.Kg2 h4 30.Bxh4 Qb7+ 31.e4 Qb8 32.Qxc5 Rb6 33.Qd5 Qe8 34.c5 Re6 35.Bg5 Kg7
36.Be3 Qa4 37.h4 Qd1 38.c6 Qa4 39.c7 Qc6 40.Qd8 Re8 41.Bg5 Qe6 42.Be7 Qc8
43.Bf6+ Kf8 44.Qd6+ Kg8 45.Bxe5 Re6 46.Qd8+ Re8 47.Qf6 {#r} 1-0